Hodnotenie okolia podniku v podmienkach pandémie bakalárska práca

Salvato in:
Dettagli Bibliografici
Autore principale: Mináriková, Laura
Ente Autore: Fakulta podnikového manažmentu EU. Katedra podnikovohospodárska
Altri autori: Stovíček, Filip, 1998-
Natura: Libro
Lingua:slovacco
Pubblicazione: Bratislava 2023
Tags: Aggiungi Tag
Nessun Tag, puoi essere il primo ad aggiungerne!!

MARC

LEADER 00000nbm a2200000 4500
001 0293535
005 20240219133934.8
041 0 |a slo 
044 |a SK 
245 1 0 |a Hodnotenie okolia podniku v podmienkach pandémie  |b bakalárska práca  |c Laura Mináriková ; školiteľ: Filip Stovíček 
264 1 |a Bratislava  |c 2023 
300 |a 57 s. 
100 1 |a Mináriková, Laura 
700 1 |a Stovíček, Filip, 1998- 
710 2 |a Fakulta podnikového manažmentu EU. Katedra podnikovohospodárska